<?xml version="1.0" encoding="UTF-8"?>
<collection xmlns="http://www.loc.gov/MARC21/slim">
 <record>
  <leader>02080cam a2200457  c4500</leader>
  <controlfield tag="001">1112998055</controlfield>
  <controlfield tag="003">DE-627</controlfield>
  <controlfield tag="005">20240327190123.0</controlfield>
  <controlfield tag="007">tu</controlfield>
  <controlfield tag="008">950116s1979    xx |||||      00| ||fre c</controlfield>
  <datafield tag="035" ind1=" " ind2=" ">
   <subfield code="a">(DE-627)1112998055</subfield>
  </datafield>
  <datafield tag="035" ind1=" " ind2=" ">
   <subfield code="a">(DE-576)042998050</subfield>
  </datafield>
  <datafield tag="035" ind1=" " ind2=" ">
   <subfield code="a">(DE-599)BSZ042998050</subfield>
  </datafield>
  <datafield tag="035" ind1=" " ind2=" ">
   <subfield code="a">(OCoLC)187201081</subfield>
  </datafield>
  <datafield tag="040" ind1=" " ind2=" ">
   <subfield code="a">DE-627</subfield>
   <subfield code="b">ger</subfield>
   <subfield code="c">DE-627</subfield>
   <subfield code="e">rakwb</subfield>
  </datafield>
  <datafield tag="041" ind1=" " ind2=" ">
   <subfield code="a">fre</subfield>
  </datafield>
  <datafield tag="084" ind1=" " ind2=" ">
   <subfield code="a">9,10</subfield>
   <subfield code="2">ssgn</subfield>
  </datafield>
  <datafield tag="100" ind1="1" ind2=" ">
   <subfield code="a">Weiller, Raymond</subfield>
   <subfield code="4">aut</subfield>
  </datafield>
  <datafield tag="245" ind1="1" ind2="4">
   <subfield code="a">Les médailles dans l'histoire du pays de Luxembourg</subfield>
   <subfield code="n">[1]</subfield>
   <subfield code="c">par Raymond Weiller</subfield>
  </datafield>
  <datafield tag="264" ind1=" " ind2="1">
   <subfield code="a">Louvain-la-Neuve</subfield>
   <subfield code="b">Inst. Superieur d'Archéologie et d'Histoire de l'Art, Séminaire de Numismatique Marcel Hoc</subfield>
   <subfield code="c">1979</subfield>
  </datafield>
  <datafield tag="300" ind1=" " ind2=" ">
   <subfield code="a">XII, 392, CLX S.</subfield>
   <subfield code="b">zahlr. Ill.</subfield>
  </datafield>
  <datafield tag="336" ind1=" " ind2=" ">
   <subfield code="a">Text</subfield>
   <subfield code="b">txt</subfield>
   <subfield code="2">rdacontent</subfield>
  </datafield>
  <datafield tag="337" ind1=" " ind2=" ">
   <subfield code="a">ohne Hilfsmittel zu benutzen</subfield>
   <subfield code="b">n</subfield>
   <subfield code="2">rdamedia</subfield>
  </datafield>
  <datafield tag="338" ind1=" " ind2=" ">
   <subfield code="a">Band</subfield>
   <subfield code="b">nc</subfield>
   <subfield code="2">rdacarrier</subfield>
  </datafield>
  <datafield tag="490" ind1="1" ind2=" ">
   <subfield code="a">Numismatica Lovaniensia</subfield>
   <subfield code="v">4</subfield>
  </datafield>
  <datafield tag="490" ind1="1" ind2=" ">
   <subfield code="a">Publications d'histoire de l'art et d'archéologie de l'Université Catholique de Louvain</subfield>
   <subfield code="v">19</subfield>
  </datafield>
  <datafield tag="583" ind1="1" ind2=" ">
   <subfield code="a">Archivierung/Langzeitarchivierung gewährleistet</subfield>
   <subfield code="f">SSG</subfield>
   <subfield code="x">XA-DE-BW</subfield>
   <subfield code="2">pdager</subfield>
   <subfield code="5">DE-16</subfield>
  </datafield>
  <datafield tag="689" ind1="0" ind2="0">
   <subfield code="d">g</subfield>
   <subfield code="0">(DE-588)4036728-9</subfield>
   <subfield code="0">(DE-627)104589639</subfield>
   <subfield code="0">(DE-576)209020091</subfield>
   <subfield code="a">Luxemburg</subfield>
   <subfield code="2">gnd</subfield>
  </datafield>
  <datafield tag="689" ind1="0" ind2="1">
   <subfield code="d">s</subfield>
   <subfield code="0">(DE-588)4038206-0</subfield>
   <subfield code="0">(DE-627)10623319X</subfield>
   <subfield code="0">(DE-576)209029099</subfield>
   <subfield code="a">Medaille</subfield>
   <subfield code="2">gnd</subfield>
  </datafield>
  <datafield tag="689" ind1="0" ind2="2">
   <subfield code="a">z</subfield>
   <subfield code="2">gnd</subfield>
   <subfield code="a">Geschichte</subfield>
  </datafield>
  <datafield tag="689" ind1="0" ind2=" ">
   <subfield code="5">(DE-627)</subfield>
  </datafield>
  <datafield tag="773" ind1="1" ind2="8">
   <subfield code="w">(DE-627)1113528761</subfield>
   <subfield code="w">(DE-576)043528767</subfield>
   <subfield code="g">[1]</subfield>
   <subfield code="q">[1]</subfield>
   <subfield code="7">nnnm</subfield>
  </datafield>
  <datafield tag="787" ind1="0" ind2="8">
   <subfield code="i">Rezensiert in</subfield>
   <subfield code="a">Binsfeld, Wolfgang, 1928 - 2011</subfield>
   <subfield code="t">[Rezension von: Raymond Weiller, Les médailles dans l’histoire du pays de Luxembourg]</subfield>
   <subfield code="d">1981</subfield>
   <subfield code="w">(DE-627)186085608X</subfield>
  </datafield>
  <datafield tag="810" ind1="2" ind2=" ">
   <subfield code="a">Université catholique de Louvain</subfield>
   <subfield code="t">Publications d'histoire de l'art et d'archéologie de l'Université Catholique de Louvain</subfield>
   <subfield code="v">19</subfield>
   <subfield code="9">19</subfield>
   <subfield code="w">(DE-627)167234668</subfield>
   <subfield code="w">(DE-576)015586219</subfield>
   <subfield code="w">(DE-600)432846-2</subfield>
   <subfield code="7">ns</subfield>
  </datafield>
  <datafield tag="830" ind1=" " ind2="0">
   <subfield code="a">Numismatica Lovaniensia</subfield>
   <subfield code="v">4</subfield>
   <subfield code="9">4</subfield>
   <subfield code="w">(DE-627)538636645</subfield>
   <subfield code="w">(DE-576)008939020</subfield>
   <subfield code="w">(DE-600)2380311-3</subfield>
   <subfield code="7">ns</subfield>
  </datafield>
  <datafield tag="951" ind1=" " ind2=" ">
   <subfield code="a">MV</subfield>
  </datafield>
  <datafield tag="990" ind1=" " ind2=" ">
   <subfield code="a">Luxemburg</subfield>
  </datafield>
  <datafield tag="990" ind1=" " ind2=" ">
   <subfield code="a">Medaille</subfield>
  </datafield>
  <datafield tag="990" ind1=" " ind2=" ">
   <subfield code="a">Geschichte</subfield>
  </datafield>
  <datafield tag="991" ind1=" " ind2=" ">
   <subfield code="a">Rezensiertes Werk</subfield>
  </datafield>
  <datafield tag="999" ind1=" " ind2=" ">
   <subfield code="a">KXP-PPN1112998055</subfield>
   <subfield code="e">4581923018</subfield>
  </datafield>
 </record>
</collection>
